| 000 | 01191nam a2200373 i 4500 | ||
|---|---|---|---|
| 001 | 14797826 | ||
| 003 | EG-ScBUE | ||
| 005 | 20230312121821.0 | ||
| 008 | 190218t2019 nyua f b 001 0 eng d | ||
| 020 | _a9780789213433 | ||
| 035 | _a(NhCcYBP)om211307906 | ||
| 035 | _a14797826 | ||
| 040 |
_aNhCcYBP _beng _erda _cNhCcYBP _dEG-ScBUE |
||
| 082 | 0 | 4 |
_222 _a770.9 _bROS |
| 100 | 1 |
_aRosenblum, Naomi, _eauthor. |
|
| 245 | 1 | 2 |
_aA world history of photography / _cby Naomi Rosenblum ; with contributions by Diana C. Stoll. |
| 250 | _aFifth edition. | ||
| 264 | 1 |
_aNew York ; _aLondon : _bAbbeville Press Publishers, _c2019. |
|
| 264 | 4 | _cc2019 | |
| 300 |
_a744 pages : _billustrations (some color) ; _c30 cm |
||
| 336 |
_atext _btxt _2rdacontent |
||
| 336 |
_astill image _bsti _2rdacontent |
||
| 337 |
_aunmediated _bn _2rdamedia |
||
| 338 |
_avolume _bnc _2rdacarrier |
||
| 504 | _aIncludes bibliographical references and index. | ||
| 650 | 0 |
_aPhotography _xHistory. _2BUEsh |
|
| 653 |
_bART _cMarch2023 |
||
| 655 | _vReading book | ||
| 700 | 1 |
_aStoll, Diana C., _econtributor. |
|
| 942 |
_2ddc _cBB |
||
| 960 | _a39002138482808 | ||
| 987 | _cON ORDER | ||
| 999 |
_c30245 _d30216 |
||